| 000 | 00416nam a2200157Ia 4500 | ||
|---|---|---|---|
| 008 | 210716s1999 xx 000 0 und d | ||
| 020 | _a8176352179 | ||
| 041 | _aeng | ||
| 082 | _a004.65 FELJ | ||
| 100 | _aFeldman, Jonathan. | ||
| 245 | _aSams teach yourself network troubleshooting in 24 hours. | ||
| 250 | _a1 | ||
| 260 |
_aNew Delhi _bTechmedia _c1999 |
||
| 300 | _axvii,436,28 | ||
| 650 | _aComputer Networks | ||
| 999 |
_c183760 _d183760 |
||